[Event "RUS-chT2"]
[Site "Sochi"]
[Date "2024.05.04"]
[Round "4.17"]
[White "Potapov, Pavel"]
[Black "Mikhaylov, Artem"]
[Result "1/2-1/2"]
[WhiteElo "2464"]
[BlackElo "2174"]
[PlyCount "112"]
[EventDate "2024.05.01"]
[EventType "team-swiss"]
[EventRounds "9"]
[EventCountry "RUS"]
[SourceTitle "CB21_2024"]
[SourceDate "2024.05.22"]
[SourceVersion "1"]
[SourceVersionDate "2024.05.22"]
[SourceQuality "1"]
[WhiteTeam "Qmal QNAO"]
[BlackTeam "Rostovskaya oblast Tyomnaya loshadka"]
[WhiteTeamCountry "RUS"]
[BlackTeamCountry "RUS"]

1. e4 c5 2. Ne2 Nc6 3. Nbc3 g6 4. g3 Bg7 5. Bg2 e6 6. 0-0 Nge7 7. d3 0-0 8. Be3 Nd4 9. Qd2 d6 10. f4 Rb8 11. h3 b5 12. Kh2 b4 13. Nd1 a5 14. c3 Nxe2 15. Qxe2 bxc3 16. bxc3 Ba6 17. Rc1 Qd7 18. Qd2 Rfc8 19. c4 Rb4 20. Nc3 f5 21. g4 Rcb8 22. Rc2 a4 23. Qc1 fxe4 24. Nxe4 Nc6 25. Bd2 R4b6 26. Bc3 Nd4 27. Rcf2 Rf8 28. Kh1 Bb7 29. Ba5 Ra6 30. Bc3 Rb6 31. Ba5 Ra6 32. Bc3 Ba8 33. Rb2 Qc7 34. Ng5 Bxg2+ 35. Rxg2 d5 36. cxd5 exd5 37. Bxd4 Bxd4 38. f5 Qe7 39. Ne6 Re8 40. Nxd4 cxd4 41. Qf4 Qe3 42. f6 Qxf4 43. Rxf4 Kf7 44. g5 Re3 45. Rxd4 Rxh3+ 46. Rh2 Rxh2+ 47. Kxh2 h6 48. gxh6 Rxf6 49. Rxa4 Kg8 50. Kg3 Kh7 51. Rd4 Kxh6 52. a4 Ra6 53. Kg4 Kg7 54. Kg5 Ra5 55. Rb4 Kf7 56. d4 Ra6 1/2-1/2

[Event "Chigorin Memorial 30th"]
[Site "St Petersburg"]
[Date "2023.10.29"]
[Round "9"]
[White "Mikhaylov, Artem"]
[Black "Melnikov, Dmitry"]
[Result "0-1"]
[WhiteElo "2069"]
[BlackElo "2243"]
[PlyCount "50"]
[EventDate "2023.10.21"]
[EventType "swiss"]
[EventRounds "9"]
[EventCountry "RUS"]
[SourceTitle "Mega2024 Update 01"]
[Source "Chessbase"]
[SourceDate "2023.11.12"]
[SourceVersion "1"]
[SourceVersionDate "2023.11.12"]
[SourceQuality "1"]

1. d4 d5 2. c4 e6 3. Nf3 c5 4. cxd5 exd5 5. g3 Nc6 6. Bg2 c4 7. 0-0 Bb4 8. Nc3 Nge7 9. Bf4 0-0 10. Rc1 Bf5 11. Ne5 Qa5 12. Nxd5 Nxd5 13. Nxc4 Qd8 14. Bxd5 Qxd5 15. Ne3 Qb5 16. d5 Bh3 17. dxc6 bxc6 18. Qc2 Bxf1 19. Kxf1 Rac8 20. Nc4 Rfe8 21. e4 Rcd8 22. b3 Rd4 23. f3 Red8 24. Kg2 Rd3 25. Qe2 Rd2 0-1

[Event "Chigorin Memorial 30th"]
[Site "St Petersburg"]
[Date "2023.10.21"]
[Round "1"]
[White "Mikhaylov, Artem"]
[Black "Rakhlina, Kristina"]
[Result "1-0"]
[WhiteElo "2069"]
[BlackElo "1544"]
[PlyCount "93"]
[EventDate "2023.10.21"]
[EventType "swiss"]
[EventRounds "9"]
[EventCountry "RUS"]
[SourceTitle "Mega2024 Update 01"]
[Source "Chessbase"]
[SourceDate "2023.11.12"]
[SourceVersion "1"]
[SourceVersionDate "2023.11.12"]
[SourceQuality "1"]

1. d4 d5 2. c4 c6 3. Nf3 Nf6 4. e3 Bg4 5. h3 Bxf3 6. Qxf3 g6 7. Nc3 e6 8. Qd1 Bg7 9. Be2 0-0 10. 0-0 Nbd7 11. b3 Re8 12. Bb2 Qc7 13. Qc2 dxc4 14. Bxc4 a6 15. Rfd1 b5 16. Be2 Rac8 17. a4 b4 18. Ne4 Nxe4 19. Qxe4 Qa5 20. Qd3 Nb8 21. Qc2 Rc7 22. Rac1 c5 23. d5 Bxb2 24. Qxb2 e5 25. d6 Ra7 26. Bg4 f5 27. Bf3 Nd7 28. Bd5+ Kf8 29. Bc6 Qb6 30. Bxd7 Rxd7 31. Rd5 Rxd6 32. Rxe5 Red8 33. Rexc5 Kg8 34. Qc2 Rd2 35. Qc4+ Kg7 36. Rc6 Qb8 37. Rc7+ R8d7 38. Rxd7+ Rxd7 39. Qxa6 Qe5 40. Qc8 Rf7 41. g3 Qb2 42. Qc2 Qe5 43. Qc5 Qb8 44. Qd4+ Kg8 45. Rc5 Qa8 46. Rd5 Rf8 47. Rd7 1-0

[Event "Novorossiysk Small Land op"]
[Site "Novorossiysk"]
[Date "2023.07.25"]
[Round "9"]
[White "Mikhaylov, Artem"]
[Black "Shadrin, Mikhail"]
[Result "1-0"]
[WhiteElo "2153"]
[BlackElo "1997"]
[PlyCount "99"]
[EventDate "2023.07.17"]
[EventType "swiss"]
[EventRounds "9"]
[EventCountry "RUS"]
[SourceTitle "CBM 215 Extra"]
[Source "ChessBase"]
[SourceDate "2023.09.30"]
[SourceVersion "1"]
[SourceVersionDate "2023.09.30"]
[SourceQuality "1"]

1. d4 d5 2. c4 dxc4 3. e4 e5 4. Nf3 exd4 5. Bxc4 Nc6 6. 0-0 Be6 7. Bb5 Bc5 8. b4 Bb6 9. a4 a6 10. Bxc6+ bxc6 11. a5 Ba7 12. Bb2 Nf6 13. Bxd4 Nxe4 14. Bxa7 Qxd1 15. Rxd1 Rxa7 16. Nd4 Bd5 17. f3 Nd6 18. Nc3 Kd7 19. Na4 Re8 20. Rac1 g6 21. Kf2 Raa8 22. h4 h5 23. Rc3 Ra7 24. Rcc1 Raa8 25. Rc3 Ra7 26. Re3 Rxe3 27. Kxe3 Nc4+ 28. Kd3 Ne5+ 29. Kc3 Ra8 30. Re1 f6 31. Nc5+ Kd8 32. Nde6+ Bxe6 33. Nxe6+ Ke7 34. Nc5 Kf8 35. Rd1 g5 36. hxg5 fxg5 37. Re1 Nf7 38. Re6 Kg7 39. Rxc6 Re8 40. Ne6+ Kg8 41. Rxa6 h4 42. Nxg5 Nd6 43. Nh3 Re6 44. Kd3 Re1 45. Ra8+ Kg7 46. Nf4 Rb1 47. Rb8 c6 48. Kc2 Ra1 49. Kb2 Rd1 50. a6 1-0

[Event "Novorossiysk Small Land op"]
[Site "Novorossiysk"]
[Date "2023.07.22"]
[Round "6"]
[White "Koliev, Irlan"]
[Black "Mikhaylov, Artem"]
[Result "1-0"]
[WhiteElo "2019"]
[BlackElo "2153"]
[PlyCount "69"]
[EventDate "2023.07.17"]
[EventType "swiss"]
[EventRounds "9"]
[EventCountry "RUS"]
[SourceTitle "CBM 215 Extra"]
[Source "ChessBase"]
[SourceDate "2023.09.30"]
[SourceVersion "1"]
[SourceVersionDate "2023.09.30"]
[SourceQuality "1"]

1. d4 d5 2. c4 e6 3. g3 Nf6 4. Bg2 dxc4 5. Nf3 a6 6. Ne5 c5 7. Na3 cxd4 8. Naxc4 Bc5 9. Bd2 0-0 10. Rc1 Nd5 11. Nd3 Ba7 12. 0-0 Nc6 13. Qb3 f6 14. Qa3 e5 15. Nd6 Nde7 16. Qb3+ Kh8 17. Nf7+ Rxf7 18. Qxf7 Bg4 19. Rfe1 Qb6 20. h3 Bf5 21. Bxc6 Nxc6 22. Bh6 gxh6 23. Qxf6+ Kg8 24. Qxf5 Qc7 25. Nc5 Bxc5 26. Qe6+ Kg7 27. Rxc5 Rf8 28. Rec1 Rf6 29. Qd5 Qb6 30. b3 Qc7 31. b4 Qe7 32. b5 axb5 33. Rxb5 Rf7 34. Rcb1 Qf6 35. Rxb7 1-0

[Event "Novorossiysk Small Land op"]
[Site "Novorossiysk"]
[Date "2023.07.18"]
[Round "2"]
[White "Kirdyashkina, Ekaterina"]
[Black "Mikhaylov, Artem"]
[Result "0-1"]
[WhiteElo "1851"]
[BlackElo "2153"]
[PlyCount "52"]
[EventDate "2023.07.17"]
[EventType "swiss"]
[EventRounds "9"]
[EventCountry "RUS"]
[SourceTitle "CBM 215 Extra"]
[Source "ChessBase"]
[SourceDate "2023.09.30"]
[SourceVersion "1"]
[SourceVersionDate "2023.09.30"]
[SourceQuality "1"]

1. e4 c5 2. Nf3 d6 3. c3 Nf6 4. Be2 g6 5. 0-0 Bg7 6. d3 Nc6 7. Be3 0-0 8. Nbd2 b6 9. Qb1 d5 10. e5 Ng4 11. d4 Nxe3 12. fxe3 Bh6 13. Kf2 f6 14. Bd3 fxe5 15. Bxg6 e4 16. Bxe4 dxe4 17. Qxe4 Qd6 18. Rad1 Bf5 19. Qh4 cxd4 20. exd4 Bc2 21. Rc1 Bd3 22. Rfd1 e5 23. Qg3+ Kh8 24. Kg1 Be2 25. Re1 Bxf3 26. Nxf3 Bxc1 0-1

[Event "Cheliabinsk Lozovatsky Memorial-A"]
[Site "Cheliabinsk"]
[Date "2023.02.03"]
[Round "8"]
[White "Mikhaylov, Artem"]
[Black "Akhmedov, David"]
[Result "1/2-1/2"]
[WhiteElo "2186"]
[BlackElo "2109"]
[PlyCount "205"]
[EventDate "2023.01.27"]
[EventType "swiss"]
[EventRounds "10"]
[EventCountry "RUS"]
[SourceTitle "CBM 212 Extra"]
[Source "ChessBase"]
[SourceDate "2023.03.31"]
[SourceVersion "1"]
[SourceVersionDate "2023.03.31"]
[SourceQuality "1"]

1. d4 Nf6 2. c4 e6 3. Nf3 Bb4+ 4. Nbd2 0-0 5. a3 Be7 6. e4 d6 7. b4 e5 8. Bb2 exd4 9. Nxd4 Nfd7 10. Be2 Bf6 11. Qc2 Nc6 12. Nxc6 bxc6 13. 0-0 Re8 14. f4 a5 15. Bf3 Bxb2 16. Qxb2 Rb8 17. Qc3 axb4 18. axb4 Bb7 19. c5 Qe7 20. Nb3 Qf6 21. Qd2 Nf8 22. Ra7 Ne6 23. g3 Ba8 24. Rfa1 g6 25. Bg4 Nf8 26. Be2 Bb7 27. Bd3 Bc8 28. Bc2 Rd8 29. Qd4 Qxd4+ 30. Nxd4 Bd7 31. Rxc7 Rxb4 32. Nxc6 Bxc6 33. Rxc6 dxc5 34. Rxc5 Rd2 35. Rf1 Ne6 36. Rc8+ Kg7 37. Rf2 Rbd4 38. h4 Rxf2 39. Kxf2 Rd2+ 40. Ke3 Rg2 41. f5 gxf5 42. exf5 Nf8 43. Kf3 Rd2 44. g4 h6 45. Ke3 Rd6 46. g5 hxg5 47. hxg5 Nh7 48. f6+ Nxf6 49. gxf6+ Rxf6 50. Be4 Re6 51. Kf4 Rf6+ 52. Bf5 Ra6 53. Rc1 Kf6 54. Be4 Rd6 55. Rc5 Kg7 56. Bd5 Rf6+ 57. Ke5 Ra6 58. Rc1 Ra7 59. Rg1+ Kf8 60. Kd6 Ra6+ 61. Bc6 Ra7 62. Rh1 Ra2 63. Rh4 Ra6 64. Rh5 Ra1 65. Rg5 Rd1+ 66. Bd5 Ra1 67. Kd7 Ra7+ 68. Kd8 Re7 69. Rf5 Re8+ 70. Kc7 Re7+ 71. Kc6 Ra7 72. Kd6 Ra6+ 73. Bc6 Ra7 74. Rf4 Re7 75. Bd5 Ra7 76. Bc4 Re7 77. Rf1 Ra7 78. Ke5 Rc7 79. Rf4 Rb7 80. Bd5 Ra7 81. Rb4 Kg7 82. Kd6 Kf8 83. Bc6 Kg7 84. Bd7 Kf8 85. Be8 Ra6+ 86. Bc6 Ra7 87. Bb7 Ra1 88. Rf4 Ra7 89. Kc7 Ra1 90. Rf5 Rc1+ 91. Kd8 Re1 92. Bc6 Re6 93. Bd5 Re8+ 94. Kd7 Re7+ 95. Kd6 Ra7 96. Rf2 Ra6+ 97. Bc6 Ra7 98. Rb2 Kg7 99. Bd7 Kf8 100. Rb8+ Kg7 101. Bb5 Ra1 102. Bc4 Ra7 103. Rc8 1/2-1/2

[Event "Tuapse Amaks Resort op"]
[Site "Tuapse"]
[Date "2021.09.07"]
[Round "9"]
[White "Esipenko, Aleksandr"]
[Black "Mikhaylov, Artem"]
[Result "1/2-1/2"]
[WhiteElo "2029"]
[BlackElo "2237"]
[PlyCount "80"]
[EventDate "2021.08.30"]
[EventType "swiss"]
[EventRounds "9"]
[EventCountry "RUS"]
[SourceTitle "CBM 204 Extra"]
[Source "ChessBase"]
[SourceDate "2021.11.30"]
[SourceVersion "1"]
[SourceVersionDate "2021.11.30"]
[SourceQuality "1"]

1. e4 c5 2. Nf3 d6 3. Bb5+ Bd7 4. Bxd7+ Nxd7 5. c3 Ngf6 6. Qe2 Rc8 7. b3 e6 8. 0-0 Be7 9. Bb2 0-0 10. d4 cxd4 11. cxd4 d5 12. e5 Ne4 13. Qd3 f6 14. exf6 Bxf6 15. Nbd2 Nxd2 16. Qxd2 Nb8 17. Rfe1 Qd7 18. Re2 Nc6 19. Rae1 Rfe8 20. Ba3 Nd8 21. Qf4 Rc6 22. Qg4 Qc7 23. h4 Rc2 24. h5 Qc6 25. Bc5 Rxe2 26. Rxe2 Nf7 27. Re1 a5 28. Qf4 b6 29. Ba3 Qc2 30. Qg4 Qxa2 31. Bc1 Qxb3 32. Rxe6 Rxe6 33. Qxe6 Kf8 34. Qc8+ Nd8 35. Bf4 a4 36. Qd7 Nf7 37. Qc8+ Bd8 38. Qd7 Bf6 39. Qc8+ Nd8 40. Qd7 Nf7 1/2-1/2

[Event "Tuapse Amaks Resort op"]
[Site "Tuapse"]
[Date "2021.09.01"]
[Round "3"]
[White "Mikhaylov, Artem"]
[Black "Popov, Andrey1111"]
[Result "1-0"]
[WhiteElo "2237"]
[BlackElo "2144"]
[PlyCount "77"]
[EventDate "2021.08.30"]
[EventType "swiss"]
[EventRounds "9"]
[EventCountry "RUS"]
[SourceTitle "CBM 204 Extra"]
[Source "ChessBase"]
[SourceDate "2021.11.30"]
[SourceVersion "1"]
[SourceVersionDate "2021.11.30"]
[SourceQuality "1"]

1. d4 Nf6 2. c4 g6 3. Nc3 d5 4. cxd5 Nxd5 5. e4 Nxc3 6. bxc3 Bg7 7. Nf3 c5 8. Be3 Qa5 9. Qd2 0-0 10. Rc1 Rd8 11. d5 e6 12. Bg5 f6 13. Be3 Nc6 14. h4 exd5 15. exd5 Bg4 16. Be2 c4 17. h5 Bxf3 18. gxf3 Ne5 19. Rd1 f5 20. Kf1 Nf7 21. Bxc4 Rac8 22. Bb3 Bxc3 23. Qe2 Nd6 24. Bg5 Qa6 25. Qxa6 bxa6 26. Bxd8 Rxd8 27. hxg6 hxg6 28. Rc1 Ba5 29. Ke2 Kg7 30. Kd3 Rd7 31. Rc2 Nf7 32. f4 Nd6 33. f3 Nb5 34. Rc6 Bb6 35. Re1 Bf2 36. Ree6 Nd4 37. Rxg6+ Kf7 38. Rcf6+ Ke7 39. d6+ 1-0

[Event "Kaliningrad Amateur U20"]
[Site "Kaliningrad"]
[Date "2019.06.19"]
[Round "9.2"]
[White "Mikhaylov, Artem"]
[Black "Yarikov, Artem"]
[Result "1-0"]
[WhiteElo "1764"]
[BlackElo "1694"]
[PlyCount "111"]
[EventDate "2019.06.13"]
[EventType "swiss"]
[EventRounds "9"]
[EventCountry "RUS"]
[SourceTitle "EXT 2022"]
[Source "ChessBase"]
[SourceDate "2021.10.06"]
[SourceVersion "1"]
[SourceVersionDate "2021.10.06"]
[SourceQuality "1"]

1. d4 d5 2. c4 c6 3. Nf3 Nf6 4. e3 e6 5. Bd3 dxc4 6. Bxc4 b5 7. Bd3 Bb7 8. 0-0 a6 9. a4 Nbd7 10. e4 b4 11. Nbd2 a5 12. e5 Nd5 13. Ne4 h6 14. Nfd2 N5b6 15. Nb3 Ba6 16. Bxa6 Rxa6 17. Qe2 Ra7 18. Be3 Qc7 19. Rfc1 Be7 20. Qg4 g6 21. Nbc5 h5 22. Qg3 Nf8 23. Bg5 Nfd7 24. Bxe7 Kxe7 25. Qg5+ Kf8 26. Nd6 Nxc5 27. Rxc5 Nd5 28. Nb5 Qe7 29. Qxe7+ Rxe7 30. Rxc6 Kg7 31. Rac1 Ra8 32. g3 Rd7 33. Kf1 Ne7 34. Rc7 Rxc7 35. Rxc7 Nf5 36. Ke2 Rd8 37. Kd3 Rd5 38. h3 g5 39. g4 hxg4 40. hxg4 Nh4 41. Nd6 Kg8 42. Ke4 f6 43. Ne8 Rd8 44. Nxf6+ Kf8 45. Nh7+ Kg8 46. Nxg5 b3 47. Nxe6 Rb8 48. d5 Rb4+ 49. Kd3 Rxa4 50. d6 Nf3 51. Rc5 Ra1 52. d7 Nxe5+ 53. Rxe5 Rd1+ 54. Kc3 Rxd7 55. Kxb3 Rb7+ 56. Kc3 1-0

[Event "Kaliningrad Amateur U20"]
[Site "Kaliningrad"]
[Date "2019.06.16"]
[Round "6.1"]
[White "Lezin, Aleksandr"]
[Black "Mikhaylov, Artem"]
[Result "1-0"]
[WhiteElo "1354"]
[BlackElo "1764"]
[PlyCount "85"]
[EventDate "2019.06.13"]
[EventType "swiss"]
[EventRounds "9"]
[EventCountry "RUS"]
[SourceTitle "EXT 2022"]
[Source "ChessBase"]
[SourceDate "2021.10.06"]
[SourceVersion "1"]
[SourceVersionDate "2021.10.06"]
[SourceQuality "1"]

1. e4 c5 2. a3 e6 3. b4 cxb4 4. axb4 Bxb4 5. Bb2 Nf6 6. e5 Nd5 7. c4 Nc7 8. Ra3 Nc6 9. Rg3 g6 10. Bd3 b6 11. Nf3 Bb7 12. Nc3 Bxc3 13. Bxc3 Na6 14. h4 Nc5 15. Bc2 Ne7 16. h5 Be4 17. hxg6 Bxg6 18. Bxg6 fxg6 19. Qc2 Qc7 20. Bb4 Rc8 21. Rgh3 h5 22. d4 Na6 23. Bxe7 Kxe7 24. Qxg6 Rcg8 25. Qf6+ Ke8 26. Nd2 Qd8 27. Ne4 Qxf6 28. Nxf6+ Kd8 29. Nxg8 Rxg8 30. Rxh5 Rxg2 31. Kf1 Rg4 32. R5h4 Rg6 33. R1h3 Rg5 34. Ra3 Nb4 35. Rxa7 Nd3 36. Rh8+ Ke7 37. Rh7+ Kd8 38. Rhxd7+ Ke8 39. Re7+ Kd8 40. Rxe6 Nf4 41. Rxb6 Kc8 42. Rf6 Ng6 43. Rg7 1-0